| 000 | 00671nam a2200229Ia 4500 | ||
|---|---|---|---|
| 008 | 160404s9999 xx 000 0 und d | ||
| 020 | _a9712724770 | ||
| 050 | _aFIL HD 2905 | ||
| 050 | _b.S43 2010 | ||
| 100 | _aSebastian, Asuncion M. | ||
| 245 | _aBlue way 2 : | ||
| 245 | _bcase studies on social business enterprises / | ||
| 245 | _cAsuncion M. Sebastian. | ||
| 260 | _aPasig City: | ||
| 260 | _bAnvil Pub. Inc., | ||
| 260 | _c2010 | ||
| 300 | _a161 pages : | ||
| 300 | _billustrations ; | ||
| 300 | _c23 cm. | ||
| 650 | _aIndustries -- Social aspects -- Philippines -- Case studies. | ||
| 650 | _xBusiness enterprises -- Philippines -- Case studies. | ||
| 999 |
_c293307 _d293307 |
||